|
|
|
|
| LEADER |
00000nam0a2200000 4500 |
| 001 |
197785 |
| 005 |
20231031183611.0 |
| 035 |
|
|
|a (RuTPU)RU\TPU\book\215749
|
| 090 |
|
|
|a 197785
|
| 100 |
|
|
|a 20110617d1931 m y0rusy50 ca
|
| 101 |
1 |
|
|a rus
|c ger
|
| 102 |
|
|
|a RU
|
| 105 |
|
|
|a a z 001zy
|
| 200 |
1 |
|
|a Введение в современное учение об электричестве
|e пер. с нем.
|f Р. В. Поль
|
| 205 |
|
|
|a 2-е изд., испр. и доп.
|
| 210 |
|
|
|a Москва
|c Гостехиздат
|d 1931
|a Ленинград
|
| 215 |
|
|
|a 344 с.
|c ил.
|
| 320 |
|
|
|a Предм. указ.: с. 334-342.
|
| 610 |
1 |
|
|a электричество
|
| 610 |
1 |
|
|a ток
|
| 610 |
1 |
|
|a напряжение
|
| 610 |
1 |
|
|a электрическое поле
|
| 610 |
1 |
|
|a магнитное поле
|
| 610 |
1 |
|
|a проводимость
|
| 610 |
1 |
|
|a радиоактивность
|
| 610 |
1 |
|
|a волны
|
| 675 |
|
|
|a 537.3
|v 3
|
| 700 |
|
1 |
|a Поль
|b Р. В.
|
| 801 |
|
1 |
|a RU
|b 63413507
|c 20110617
|
| 801 |
|
2 |
|a RU
|b 63413507
|c 20110902
|g RCR
|
| 942 |
|
|
|c BK
|